Solving problems In fluid mechanics (Record no. 1625)

MARC details
000 -LEADER
fixed length control field 00421nam a2200169Ia 4500
003 - CONTROL NUMBER IDENTIFIER
control field mut
005 - DATE AND TIME OF LATEST TRANSACTION
control field 20240606080839.0
008 - FIXED-LENGTH DATA ELEMENTS--GENERAL INFORMATION
fixed length control field 150730s9999 xx 000 0 und d
020 ## - INTERNATIONAL STANDARD BOOK NUMBER
International Standard Book Number 0582093805
040 ## - CATALOGING SOURCE
Transcribing agency mut
050 ## - LIBRARY OF CONGRESS CALL NUMBER
Classification number TA 357
Item number .D68 1986
100 ## - MAIN ENTRY--PERSONAL NAME
Personal name Douglas, J. F.
245 ## - TITLE STATEMENT
Title Solving problems In fluid mechanics
260 ## - PUBLICATION, DISTRIBUTION, ETC.
Place of publication, distribution, etc. Essex, England
Name of publisher, distributor, etc. Longman
Date of publication, distribution, etc. 1986
650 ## - SUBJECT ADDED ENTRY--TOPICAL TERM
Topical term or geographic name entry element Fluid mechanics.
942 ## - ADDED ENTRY ELEMENTS (KOHA)
Source of classification or shelving scheme Library of Congress Classification
Koha item type Books
Holdings
Withdrawn status Lost status Source of classification or shelving scheme Damaged status Not for loan Home library Current library Shelving location Date acquired Serial enumeration / chronology Total checkouts Full call number Barcode Date last seen Date last checked out Price effective from Koha item type
    Library of Congress Classification     Murang'a University of Technology Library Murang'a University of Technology Library General stacks 14/08/2015 V.1 2 TA 357.D68 1986 V.1 001693 30/08/2024 06/07/2018 14/08/2015 Books